| 000 | 01071nac a22003011i 4500 | ||
|---|---|---|---|
| 003 | EG-ScBUE | ||
| 005 | 20240229101307.0 | ||
| 008 | 240229t2006 n ab f b 001 0 eng d | ||
| 020 | _a0131930427 | ||
| 020 | _a9780131930421 | ||
| 040 |
_aEG-ScBUE _beng _erda _cEG-ScBUE _dEG-ScBUE |
||
| 082 | 0 | 4 |
_a909.82 _bBRO _222 |
| 100 | 1 |
_aBrower, Daniel R., _eauthor. |
|
| 245 | 1 | 4 |
_aThe world in the twentieth century : _bfrom empires to nations / _cDaniel R. Brower, University of California-Davis. |
| 250 | _aSixth edition. | ||
| 264 | 1 |
_aNew Jersey : _bPearson Education, Inc., _c[2006] |
|
| 264 | 4 | _cc2006 | |
| 300 |
_axvi, 460 pages : _billustrations, maps ; _c24 cm |
||
| 336 |
_2rdacontent _atext _btxt |
||
| 337 |
_aunmediated _2rdamedia _bn |
||
| 338 |
_avolume _bnc _2rdacarrier |
||
| 504 | _aIncludes bibliographical references and index. | ||
| 650 | 7 |
_aHistory, Modern _y20th century. _2BUEsh |
|
| 650 | 7 |
_aRevolutions _xHistory _y20th century. _2BUEsh |
|
| 650 | 7 |
_aNationalism _xHistory _y20th century. _2BUEsh |
|
| 655 | _vReading book | ||
| 942 |
_cBB _2ddc |
||
| 999 |
_c1435 _d1435 |
||